000 00881nam0a22002531 4500
001 rc\3234859
005 20260407023941.0
021 _aRU
_bРг316-70
035 _a(NLR Aleph) 007372182
090 _a6419791
_c6419791
100 _a20130115d1969 |||y0rusy50 ca
101 0 _arus
102 _aRU
105 _aa z |||||
200 1 _aЭндоскопические приборы для урологии
_fМ-во здрав. СССР. В/О "Союзмедтехника"
210 _a[Москва]
_cМедицина
_d1969
215 _a[2], 13 с.
_cил.
_d20х29
309 _aОтпеч. множит. аппаратом
712 0 2 _a"Союзмедтехника", всесоюзное объединение
_9516742
_3RU\NLR\AUTH\8810009501
801 0 _aRU
_bNLR
_gpsbo
801 1 _aRU
_bELAR
_2rusmarc
852 _aNLR
_jПт 40.7/133
942 _cBOOK
980 _aNB